Statistics for 常用漢字表

Click here to take the quiz!

General Stats

  • This quiz has been taken 34 times
  • The average score is 838 of 2136

Answer Stats

漢字% Correct
82%
79%
79%
79%
79%
79%
79%
75%
75%
75%
75%
75%
75%
75%
75%
75%
75%
71%
71%
71%
71%
71%
71%
71%
71%
71%
71%
71%
71%
68%
68%
68%
68%
68%
68%
68%
68%
68%
68%
68%
64%
64%
64%
64%
64%
64%
64%
64%
64%
64%
64%
64%
64%
64%
64%
64%
64%
64%
64%
64%
64%
64%
64%
64%
64%
64%
64%
64%
64%
64%
64%
64%
64%
64%
64%
64%
64%
64%
64%
64%
64%
64%
64%
61%
61%
61%
61%
61%
61%
61%
61%
61%
61%
61%
61%
61%
61%
61%
61%
61%
61%
61%
61%
61%
61%
61%
61%
61%
61%
61%
61%
61%
61%
61%
61%
61%
61%
61%
61%
61%
61%
61%
61%
61%
61%
61%
61%
61%
61%
61%
57%
57%
57%
57%
57%
57%
57%
57%
57%
57%
57%
57%
57%
57%
57%
57%
57%
57%
57%
57%
57%
57%
57%
57%
57%
57%
57%
57%
57%
57%
57%
57%
57%
57%
57%
57%
57%
57%
57%
57%
57%
57%
57%
57%
57%
57%
57%
57%
57%
57%
57%
57%
57%
57%
57%
57%
57%
54%
54%
54%
54%
54%
54%
54%
54%
54%
54%
54%
54%
54%
54%
54%
54%
54%
54%
54%
54%
54%
54%
54%
54%
54%
54%
54%
54%
54%
54%
鹿
54%
54%
54%
54%
西
54%
54%
54%
54%
54%
54%
54%
54%
54%
54%
54%
54%
54%
54%
54%
54%
54%
54%
54%
54%
54%
54%
54%
54%
54%
54%
54%
54%
54%
54%
54%
54%
54%
54%
54%
54%
54%
54%
54%
54%
54%
54%
54%
54%
54%
54%
54%
54%
54%
50%
50%
50%
50%
50%
50%
50%
50%
50%
50%
50%
50%
50%
50%
50%
50%
50%
50%
50%
50%
50%
50%
50%
50%
50%
50%
50%
50%
50%
50%
50%
50%
50%
50%
50%
50%
50%
50%
50%
50%
50%
50%
50%
50%
50%
50%
50%
50%
50%
50%
50%
50%
50%
50%
50%
50%
50%
50%
50%
50%
50%
50%
50%
50%
50%
50%
50%
50%
50%
50%
50%
50%
50%
50%
50%
50%
50%
50%
50%
50%
50%
50%
50%
50%
50%
50%
50%
50%
50%
50%
50%
50%
50%
50%
50%
50%
50%
50%
50%
50%
50%
50%
50%
50%
50%
50%
50%
50%
50%
50%
50%
50%
50%
50%
50%
50%
50%
50%
50%
50%
50%
50%
50%
46%
46%
46%
46%
46%
46%
46%
46%
46%
46%
46%
46%
46%
46%
46%
46%
46%
46%
46%
46%
46%
46%
46%
46%
46%
46%
46%
46%
46%
46%
46%
46%
46%
46%
46%
46%
46%
46%
46%
46%
46%
46%
46%
46%
46%
46%
46%
46%
46%
46%
46%
46%
46%
46%
46%
46%
46%
46%
46%
46%
46%
46%
46%
46%
46%
46%
46%
46%
46%
46%
46%
46%
46%
46%
46%
46%
46%
46%
46%
46%
46%
46%
46%
46%
46%
46%
46%
46%
46%
46%
46%
46%
46%
46%
46%
46%
46%
46%
46%
46%
46%
46%
46%
46%
46%
46%
46%
46%
46%
46%
46%
46%
46%
46%
46%
46%
46%
46%
46%
46%
46%
46%
46%
46%
46%
46%
46%
46%
46%
46%
46%
46%
46%
46%
46%
46%
46%
46%
46%
46%
46%
46%
46%
46%
46%
46%
46%
46%
46%
46%
46%
46%
46%
46%
46%
46%
46%
46%
46%
46%
46%
46%
43%
43%
43%
43%
43%
43%
43%
43%
43%
43%
43%
43%
43%
43%
43%
43%
43%
43%
43%
43%
43%
43%
43%
43%
43%
43%
43%
43%
43%
43%
43%
43%
43%
43%
43%
43%
43%
43%
43%
43%
43%
43%
43%
43%
43%
使
43%
43%
43%
43%
43%
43%
43%
43%
43%
43%
43%
43%
43%
43%
43%
43%
43%
43%
43%
43%
43%
43%
43%
43%
43%
43%
43%
43%
43%
43%
43%
43%
43%
43%
43%
43%
43%
43%
43%
43%
43%
43%
43%
43%
43%
43%
43%
43%
43%
43%
43%
43%
43%
43%
43%
43%
43%
43%
43%
43%
43%
43%
43%
43%
43%
43%
43%
43%
43%
43%
43%
43%
43%
43%
43%
43%
43%
43%
43%
43%
43%
43%
43%
43%
43%
43%
調
43%
43%
43%
43%
43%
43%
43%
43%
43%
43%
43%
43%
43%
43%
43%
43%
43%
43%
43%
43%
43%
43%
43%
43%
43%
43%
43%
43%
43%
43%
43%
43%
43%
43%
43%
43%
43%
43%
43%
43%
43%
43%
43%
43%
43%
43%
43%
43%
43%
43%
43%
43%
43%
43%
43%
43%
43%
43%
43%
43%
43%
43%
43%
43%
43%
43%
43%
43%
43%
43%
43%
43%
43%
43%
43%
43%
43%
43%
沿
43%
43%
43%
43%
39%
39%
39%
39%
39%
39%
39%
39%
39%
39%
39%
39%
39%
39%
39%
39%
39%
39%
39%
39%
39%
39%
39%
39%
39%
39%
39%
39%
39%
39%
39%
39%
39%
39%
39%
39%
39%
39%
39%
39%
39%
39%
39%
39%
39%
39%
39%
39%
39%
39%
39%
39%
39%
39%
39%
39%
39%
39%
39%
39%
39%
39%
39%
39%
39%
39%
39%
39%
39%
39%
39%
39%
39%
39%
39%
39%
39%
39%
39%
39%
39%
39%
39%
39%
39%
39%
39%
39%
39%
39%
39%
39%
39%
39%
39%
39%
39%
39%
39%
39%
39%
39%
39%
39%
39%
39%
39%
39%
39%
39%
39%
39%
39%
39%
39%
39%
39%
39%
39%
39%
39%
39%
39%
39%
39%
39%
39%
39%
39%
39%
39%
39%
39%
39%
39%
39%
39%
39%
39%
39%
39%
39%
39%
39%
39%
39%
39%
39%
39%
39%
39%
39%
39%
39%
39%
39%
39%
39%
39%
39%
39%
39%
39%
39%
39%
39%
稿
39%
39%
39%
39%
39%
39%
39%
39%
39%
39%
39%
39%
寿
39%
39%
39%
39%
39%
39%
便
39%
39%
39%
39%
39%
39%
39%
39%
39%
39%
39%
39%
39%
39%
39%
39%
39%
39%
39%
39%
39%
39%
39%
39%
39%
39%
39%
39%
39%
39%
39%
39%
39%
39%
39%
39%
39%
39%
39%
39%
39%
39%
39%
39%
39%
39%
39%
39%
39%
39%
39%
39%
39%
39%
39%
39%
39%
39%
39%
姿
39%
39%
39%
39%
貿
39%
39%
39%
39%
39%
39%
39%
39%
39%
39%
39%
39%
39%
39%
39%
39%
39%
39%
39%
39%
39%
39%
39%
39%
39%
39%
39%
36%
36%
36%
36%
36%
36%
36%
36%
36%
36%
36%
36%
36%
36%
36%
36%
36%
36%
36%
36%
36%
36%
36%
36%
36%
36%
36%
36%
36%
36%
36%
36%
簿
36%
36%
36%
36%
36%
36%
36%
36%
36%
36%
36%
36%
36%
36%
36%
36%
36%
36%
36%
36%
36%
36%
36%
36%
36%
36%
36%
36%
36%
36%
36%
36%
36%
36%
36%
36%
36%
36%
36%
36%
36%
36%
36%
36%
36%
36%
36%
36%
36%
36%
36%
36%
36%
36%
36%
36%
36%
36%
36%
36%
36%
36%
36%
36%
36%
36%
36%
36%
36%
36%
36%
36%
36%
36%
36%
36%
36%
36%
36%
36%
36%
36%
36%
36%
36%
36%
36%
36%
36%
36%
36%
36%
36%
36%
36%
36%
36%
36%
36%
36%
36%
36%
36%
36%
36%
36%
36%
36%
36%
36%
36%
36%
36%
36%
36%
36%
36%
36%
36%
36%
36%
36%
36%
36%
36%
36%
36%
36%
36%
36%
36%
36%
36%
36%
36%
36%
36%
36%
36%
36%
36%
36%
36%
36%
36%
36%
36%
36%
36%
36%
36%
36%
36%
36%
36%
36%
36%
36%
36%
36%
36%
36%
36%
36%
36%
36%
36%
36%
36%
36%
36%
36%
36%
36%
36%
36%
36%
36%
36%
36%
36%
36%
36%
36%
36%
36%
36%
36%
36%
36%
36%
36%
36%
36%
36%
36%
36%
36%
36%
36%
36%
36%
36%
36%
36%
36%
36%
36%
36%
36%
36%
36%
36%
36%
36%
36%
36%
36%
36%
36%
36%
36%
36%
36%
36%
36%
36%
36%
36%
36%
36%
36%
36%
36%
36%
36%
36%
36%
36%
36%
36%
36%
36%
36%
36%
36%
36%
36%
36%
36%
36%
36%
36%
36%
36%
36%
36%
36%
36%
36%
36%
36%
36%
36%
36%
36%
36%
宿
36%
36%
36%
36%
36%
36%
36%
36%
36%
36%
36%
36%
36%
36%
36%
36%
36%
36%
36%
36%
36%
36%
36%
36%
36%
36%
36%
36%
36%
36%
36%
36%
36%
36%
36%
36%
36%
36%
36%
36%
36%
36%
36%
36%
36%
36%
36%
36%
36%
36%
36%
36%
36%
36%
36%
36%
36%
36%
36%
36%
36%
36%
36%
36%
36%
36%
36%
32%
32%
32%
32%
32%
32%
32%
32%
32%
32%
32%
32%
32%
32%
32%
32%
32%
32%
32%
32%
32%
32%
32%
32%
32%
32%
32%
32%
32%
32%
32%
32%
32%
32%
32%
32%
32%
32%
32%
32%
32%
32%
32%
32%
32%
32%
32%
32%
32%
32%
32%
32%
32%
32%
32%
32%
32%
32%
32%
32%
32%
32%
32%
32%
32%
32%
32%
32%
32%
32%
32%
32%
32%
32%
32%
32%
32%
32%
32%
32%
綿
32%
32%
32%
32%
32%
32%
32%
32%
32%
32%
32%
32%
32%
32%
32%
32%
32%
32%
32%
32%
32%
32%
32%
32%
32%
32%
32%
32%
32%
32%
32%
32%
32%
32%
32%
32%
32%
32%
32%
32%
32%
32%
32%
32%
32%
32%
32%
32%
32%
32%
32%
32%
32%
32%
32%
32%
32%
32%
32%
32%
32%
32%
32%
32%
32%
32%
32%
32%
32%
32%
32%
32%
32%
32%
32%
32%
32%
32%
32%
32%
32%
32%
32%
32%
32%
32%
32%
32%
32%
32%
32%
32%
32%
32%
32%
32%
32%
32%
32%
32%
32%
32%
32%
32%
32%
32%
32%
32%
32%
32%
32%
32%
32%
32%
32%
32%
32%
32%
32%
32%
32%
32%
32%
32%
32%
32%
32%
32%
32%
32%
32%
32%
32%
32%
32%
32%
32%
32%
32%
32%
32%
32%
32%
32%
32%
32%
32%
32%
32%
32%
32%
32%
32%
32%
32%
32%
32%
32%
32%
32%
32%
32%
殿
32%
32%
32%
32%
32%
32%
32%
32%
32%
32%
32%
32%
32%
32%
32%
32%
32%
32%
32%
32%
32%
退
32%
32%
32%
32%
32%
32%
32%
32%
32%
32%
32%
32%
32%
32%
32%
32%
32%
32%
32%
32%
32%
32%
32%
32%
32%
32%
32%
32%
32%
32%
32%
32%
32%
32%
32%
32%
32%
32%
32%
32%
32%
32%
32%
32%
32%
32%
32%
32%
32%
32%
32%
32%
32%
32%
32%
32%
32%
32%
32%
32%
32%
32%
32%
32%
32%
32%
32%
32%
32%
32%
32%
32%
32%
29%
29%
29%
29%
29%
29%
29%
29%
29%
29%
29%
29%
29%
29%
29%
29%
29%
29%
29%
29%
29%
29%
29%
29%
29%
29%
29%
29%
29%
29%
29%
29%
29%
29%
29%
29%
29%
29%
29%
29%
29%
29%
29%
29%
29%
29%
29%
29%
29%
29%
29%
29%
29%
29%
29%
29%
29%
29%
29%
29%
29%
29%
29%
29%
29%
29%
29%
29%
29%
29%
29%
29%
29%
29%
29%
29%
29%
29%
29%
29%
29%
29%
29%
29%
29%
29%
29%
29%
29%
29%
29%
29%
29%
29%
29%
29%
29%
29%
29%
29%
29%
29%
29%
29%
29%
婿
29%
29%
29%
29%
29%
29%
29%
29%
29%
29%
29%
29%
29%
29%
29%
29%
29%
29%
29%
29%
29%
29%
29%
29%
29%
29%
29%
29%
29%
29%
29%
29%
29%
29%
29%
29%
29%
29%
29%
29%
29%
29%
29%
29%
29%
湿
29%
29%
29%
29%
29%
29%
29%
29%
29%
29%
29%
29%
29%
29%
29%
29%
29%
29%
29%
29%
29%
29%
29%
29%
29%
29%
29%
29%
29%
29%
29%
29%
29%
29%
29%
29%
29%
29%
29%
29%
29%
29%
29%
29%
29%
29%
29%
29%
29%
29%
29%
29%
29%
29%
29%
29%
29%
29%
29%
29%
29%
29%
29%
29%
29%
29%
29%
29%
29%
29%
29%
29%
29%
29%
29%
29%
29%
29%
29%
29%
29%
29%
29%
29%
29%
29%
25%
25%
25%
25%
25%
25%
25%
25%
25%
25%
25%
25%
25%
25%
25%
25%
25%
25%
25%
25%
25%
25%
25%
25%
25%
25%
25%
25%
25%
25%
25%
25%
25%
25%
25%
25%
25%
25%
25%
25%
25%
25%
25%
25%
25%
25%
25%
25%
25%
25%
25%
25%
25%
25%
25%
25%
25%
25%
25%
25%
25%
25%
25%
25%
25%
25%
25%
25%
25%
25%
25%
25%
25%
25%
25%
25%
25%
25%
25%
25%
25%
25%
25%
25%
25%
25%
25%
21%
21%
21%
21%
21%
21%
21%
21%
21%
21%
21%
21%
21%
21%
21%
21%
21%
21%
21%
21%
尿
21%
21%
21%
21%
21%
21%
21%
21%
18%
18%
18%
18%
18%
18%
18%
18%
18%
18%
18%
18%
18%
18%
18%
14%
14%
14%
14%
14%
14%
14%
14%
14%
14%
14%
14%
11%
11%
11%
11%
11%
11%
11%
11%
7%
7%
7%
7%
7%
7%

Score Distribution

Percentile by Number Answered

Percent of People with Each Score

Your Score History

You have not taken this quiz